Score 0/38 Timer 10:00
0 Plays Today
% Correct
Gabon
74.5%
All Stars
71.7%
Borneo
59.3%
Micronesia
45.5%
Australian Outback
44.1%
Guatemala
40.7%
Cook Islands
40%
Thailand
39.3%
China
39.3%
Africa
36.6%
Vanuatu
36.6%
Worlds Apart
35.2%
Game Changers
34.5%
Fiji
33.8%
One World
31.7%
Tocantins
31%
Pearl Islands
30.3%
Millennials Vs. Gen X
30.3%
Heroes Vs Villains
29.7%
% Correct
Cagayan
29.7%
Heroes Vs. Healers Vs. Hustlers
29%
Ghost Island
29%
Samoa
27.6%
Philippines
27.6%
Cambodia
27.6%
Palau
26.9%
Redemption Island
26.9%
Blood Vs Water
26.9%
Caramoan
26.2%
Marquesas
25.5%
Exile Island
25.5%
Nicaragua
25.5%
David Vs Goliath
24.8%
Edge of Extinction
23.4%
San Juan Del Sur
22.8%
South Pacific
22.1%
Amazon
20.7%
Kaoh Rong
19.3%
Remove Ads.
Support Sporcle.
Get the best of Sporcle when you Go Orange. This ad-free experience offers more features, more stats, and more fun while also helping to support Sporcle. Thank you for becoming a member.

You're not logged in!

Compare scores with friends on all Sporcle quizzes.
OR
Log In

Show Comments

Extras

Top Quizzes Today


Score Distribution

Your Account Isn't Verified!

In order to create a playlist on Sporcle, you need to verify the email address you used during registration. Go to your Sporcle Settings to finish the process.

Report this User

Report this user for behavior that violates our Community Guidelines.

Details: